| 000 | 00385cam a22001451 4500 | ||
|---|---|---|---|
| 040 | _cICU | ||
| 082 | 0 | 0 | _a597 UNI 1966 A023 Or. |
| 100 | 1 | _aHasler, Arthur D. | |
| 245 | 1 | 0 |
_aUnderwater guideposts; _bhoming of salmon |
| 260 |
_aMadison, _bUniversity of Wisconsin Press, _c1966. |
||
| 300 |
_axii, 155 p. _billus., maps. _c24 cm. |
||
| 650 | 0 | _aSalmon. | |
| 650 | 0 | _aFishes | |
| 942 | _cEK | ||
| 999 |
_c16212 _d16212 |
||